Monuments et Lieux touristiques d'Occitanie - Statistiques

Statistiques générales
  • Ce quiz a été pris 39 fois
  • Le résultat moyen est 8 sur 20
Statistiques - réponses
Par images Hint Réponse % Correct
Gard Arènes de Nîmes
78%
Gard Pont du gard
78%
Aude Cité de Carcassonne
75%
Lot Gouffre de Padirac
75%
Hérault Place de la Comédie
61%
Ariège Château de Foix
56%
Haute Garonne Basilique Saint Sernin
53%
Hérault Port de Sète
53%
Tarn Cathédrale d'Albi
50%
Tarn Cordes sur ciel
44%
Aveyron Musée Soulages
44%
Lozère Gorges du Tarn
31%
Pyrénées Orientales Le Castillet
14%
Pyrénées Orientales Orgues d'Ille sur Tet
14%
Gers Escalier monumental
11%
Tarn et Garonne Musée Ingres
8%
Lot Pont du diable
8%
Pyrénées Orientales Fort Saint Elme
6%
Gard Grotte de la Salamandre
6%
Aude Bugarach
3%
Aucun quiz correspondant
Distribution des résultats
% des personnes avec chaque résultat
Percentile par nombre de réponses
Votre historique - résultats
Vous n’avez pas pris ce quiz